[Event "ROM-ch U08"]
[Site "Calimanesti"]
[Date "2018.04.01"]
[Round "7"]
[White "Cioculeasa, George Matei"]
[Black "Duca, Razvan Gabriel"]
[Result "1-0"]
[WhiteElo "1001"]
[BlackElo "1001"]
[PlyCount "41"]
[EventDate "2018.03.27"]
[EventType "swiss"]
[EventRounds "9"]
[EventCountry "ROU"]
[SourceTitle "CBM 183 Extra"]
[Source "ChessBase"]
[SourceDate "2018.04.19"]
[SourceVersion "1"]
[SourceVersionDate "2018.04.19"]
[SourceQuality "1"]

1. e4 e5 2. Nf3 Nf6 3. Nc3 Nc6 4. Bb5 Bb4 5. Bxc6 bxc6 6. d3 Bxc3+ 7. bxc3 d6 8. Bg5 Bg4 9. Bxf6 gxf6 10. 0-0 Bxf3 11. Qxf3 Qe7 12. Qg3 Qf8 13. Rab1 Qg8 14. Qf3 Qg7 15. h3 d5 16. Rb7 Rd8 17. Rfb1 dxe4 18. Qxe4 Qg6 19. Qxc6+ Ke7 20. Qxc7+ Ke8 21. Qe7# 1-0